Advertising management / (Record no. 88423)

MARC details
000 -LEADER
fixed length control field 00590nam a22001937a 4500
005 - DATE AND TIME OF LATEST TRANSACTION
control field 20140911104926.0
010 ## - LCCN (DPL NO)
LC control number ENG-110791
020 ## - INTERNATIONAL STANDARD BOOK NUMBER
International Standard Book Number 9789380179483
Terms of availability 995.00
035 ## - SYSTEM CONTROL NUMBER
System control number EN-94323
037 ## - SOURCE OF ACQUISITION
Source of stock number/acquisition DBAD/PUB
082 ## - DEWEY DECIMAL CLASSIFICATION NUMBER
Classification number 659.1
100 ## - MAIN ENTRY--PERSONAL NAME
Personal name Krishanmurty, Kavita
245 ## - TITLE STATEMENT
Title Advertising management /
Statement of responsibility, etc by Kavita Krishanmurty
260 ## - PUBLICATION, DISTRIBUTION, ETC. (IMPRINT)
Place of publication, distribution, etc Jaipur
Name of publisher, distributor, etc Oxford Book Company
Date of publication, distribution, etc 2010
270 ## - ADDRESS
Address 267-B, 10-B, Scheme, Opp. Narayan Niwas, Gopalpura by Pass Road
City Jaipur
Postal code 302018
300 ## - PHYSICAL DESCRIPTION
Extent 286p.
Dimensions 24cm(Hb)
500 ## - GENERAL NOTE
General note Includes Index
942 ## - ADDED ENTRY ELEMENTS (KOHA)
Source of classification or shelving scheme Dewey Decimal Classification
Item type English Books
Classification part 659.1
Call number suffix KRI
Holdings
Withdrawn status Lost status Not for loan Collection code Home library Current library Date acquired Source of acquisition Cost, normal purchase price Full call number Barcode Copy number Cost, replacement price Koha item type
    Not For Loan Non-fiction D.B.Act.Division D.B.Act.Division 09/09/2014 DBAD/PUB 995.00 659.1 KRI EN-94323 1 995.00 English Books

© Delhi Public Library
Hit Counter
free hit counter